Lekh lekha : (Record no. 32394)

MARC details
000 -LEADER
fixed length control field 00587cam a22002171 4500
001 - CONTROL NUMBER
control field he 67001001
003 - CONTROL NUMBER IDENTIFIER
control field DLC
005 - DATE AND TIME OF LATEST TRANSACTION
control field 20260227111447.0
008 - FIXED-LENGTH DATA ELEMENTS--GENERAL INFORMATION
fixed length control field 840307s1964 is 000 0 heb
010 ## - LIBRARY OF CONGRESS CONTROL NUMBER
LC control number he 67001001
035 ## - SYSTEM CONTROL NUMBER
System control number (OCoLC)19161045
040 ## - CATALOGING SOURCE
Original cataloging agency DLC
Transcribing agency MH
Modifying agency DLC
042 ## - AUTHENTICATION CODE
Authentication code premarc
050 00 - LIBRARY OF CONGRESS CALL NUMBER
Classification number DS110.J8
Item number G6
100 1# - MAIN ENTRY--PERSONAL NAME
Personal name Goren, Shmuel,
Dates associated with a name 1922-
245 10 - TITLE STATEMENT
Title Lekh lekha :
Remainder of title 10 maslule ṭiyul be-midbar Yehudah.
260 ## - PUBLICATION, DISTRIBUTION, ETC.
Place of publication, distribution, etc. Haifa :
Name of publisher, distributor, etc. Alef-Taṿ,
Date of publication, distribution, etc. [1966]
300 ## - PHYSICAL DESCRIPTION
Extent 96 p. :
Other physical details ill. maps. ;
Dimensions 17 cm.
651 #0 - SUBJECT ADDED ENTRY--GEOGRAPHIC NAME
Geographic name Judaea, Wilderness of.
752 ## - ADDED ENTRY--HIERARCHICAL PLACE NAME
Country or larger entity Israel
City Haifa

No items available.

Powered by Koha